[Event "Salon de Provence op 6th"]
[Site "Salon de Provence"]
[Date "2015.07.04"]
[Round "3"]
[White "Morris, Keith"]
[Black "Porte, Jacques"]
[Result "0-1"]
[WhiteElo "1715"]
[BlackElo "1446"]
[PlyCount "29"]
[EventDate "2015.07.04"]
[EventType "swiss"]
[EventRounds "9"]
[EventCountry "FRA"]
[SourceTitle "EXT 2016"]
[Source "ChessBase"]
[SourceDate "2015.10.08"]
[SourceVersion "1"]
[SourceVersionDate "2015.10.08"]
[SourceQuality "1"]

1. e4 c5 2. Nf3 Nc6 3. d4 cxd4 4. Nxd4 Nf6 5. Nc3 e6 6. Nxc6 bxc6 7. Be2 Be7 8. 0-0 0-0 9. e5 Nd5 10. Nxd5 cxd5 11. b3 d6 12. f4 dxe5 13. fxe5 Bc5+ 14. Kh1 Bb7 15. Bf3 0-1

[Event "Salon de Provence op 6th"]
[Site "Salon de Provence"]
[Date "2015.07.04"]
[Round "2"]
[White "Porte, Jacques"]
[Black "Colandrea, Sauveur"]
[Result "0-1"]
[WhiteElo "1446"]
[BlackElo "1765"]
[PlyCount "72"]
[EventDate "2015.07.04"]
[EventType "swiss"]
[EventRounds "9"]
[EventCountry "FRA"]
[SourceTitle "EXT 2016"]
[Source "ChessBase"]
[SourceDate "2015.10.08"]
[SourceVersion "1"]
[SourceVersionDate "2015.10.08"]
[SourceQuality "1"]

1. d4 f5 2. Nf3 Nf6 3. Nc3 d5 4. Bg5 Ne4 5. Nxe4 fxe4 6. Ne5 Nc6 7. Bf4 Bf5 8. e3 a6 9. g4 Bg6 10. Nxg6 hxg6 11. h4 e6 12. g5 Bd6 13. Qg4 Qe7 14. 0-0-0 0-0-0 15. Bg2 Kb8 16. f3 exf3 17. Bxf3 e5 18. dxe5 Nxe5 19. Bxe5 Qxe5 20. Qd4 c6 21. Qb6 Rde8 22. Rd3 Bc7 23. Qd4 Qg3 24. Be2 Qg2 25. Re1 Bg3 26. Bf1 Qf2 27. Red1 Be5 28. Qb6 Bc7 29. Qd4 Rxh4 30. Qxg7 Rh1 31. Qf6 Rf8 32. Qxf2 Rxf2 33. Be2 Rhh2 34. Bf1 Rxc2+ 35. Kb1 Rxb2+ 36. Kc1 Rhc2# 0-1

[Event "Provence-ch 1213"]
[Site "Provence"]
[Date "2013.07.10"]
[Round "7"]
[White "Porte, Jacques"]
[Black "Chabeaudy, Matthieu"]
[Result "0-1"]
[WhiteElo "1535"]
[BlackElo "1716"]
[PlyCount "66"]
[EventDate "2013.07.06"]
[EventType "swiss"]
[EventRounds "9"]
[EventCountry "FRA"]
[SourceTitle "EXT 2015"]
[Source "ChessBase"]
[SourceDate "2014.11.20"]
[SourceVersion "1"]
[SourceVersionDate "2014.11.20"]
[SourceQuality "1"]

1. e4 d6 2. Nf3 Nf6 3. Nc3 g6 4. Be2 Bg7 5. d3 0-0 6. 0-0 c5 7. Bd2 Nc6 8. h3 a6 9. Qc1 Re8 10. Re1 b5 11. Nd5 Nd7 12. c3 e6 13. Bg5 f6 14. Nxf6+ Bxf6 15. Be3 Nde5 16. Nxe5 Nxe5 17. f4 Nf7 18. Bf3 Ra7 19. e5 Be7 20. d4 Qc7 21. Qc2 cxd4 22. Bxd4 dxe5 23. fxe5 Bc5 24. Bxc5 Qxc5+ 25. Kh1 Nxe5 26. Qe4 Nxf3 27. Qxf3 Rf7 28. Qd3 Bb7 29. Re2 Ref8 30. Ree1 Rf2 31. Rg1 Qg5 32. Kh2 Rxg2+ 33. Kh1 Rgf2+ 0-1

[Event "Provence-ch 1213"]
[Site "Provence"]
[Date "2013.07.06"]
[Round "1"]
[White "Charvein, Gabriel"]
[Black "Porte, Jacques"]
[Result "1-0"]
[WhiteElo "1870"]
[BlackElo "1535"]
[PlyCount "53"]
[EventDate "2013.07.06"]
[EventType "swiss"]
[EventRounds "9"]
[EventCountry "FRA"]
[SourceTitle "EXT 2015"]
[Source "ChessBase"]
[SourceDate "2014.11.20"]
[SourceVersion "1"]
[SourceVersionDate "2014.11.20"]
[SourceQuality "1"]

1. d4 Nf6 2. Bg5 e6 3. Nd2 d5 4. e4 Be7 5. e5 Ng8 6. Be3 Bg5 7. Bxg5 Qxg5 8. Ngf3 Qd8 9. Bd3 Nc6 10. c3 Nge7 11. 0-0 Nf5 12. Qe2 0-0 13. Rae1 Re8 14. Bb1 Nfe7 15. Qd3 Ng6 16. h4 f5 17. exf6 Qxf6 18. h5 Nf8 19. Ne5 Ne7 20. f4 Nf5 21. g4 Nd6 22. g5 Qf5 23. Qf3 Ne4 24. Nxe4 Nd7 25. Nf6+ Qxf6 26. gxf6 Nxf6 27. f5 1-0

[Event "Cap d'Agde CCAS op"]
[Site "Cap d'Agde"]
[Date "2010.10.25"]
[Round "3"]
[White "Porte, Jacques"]
[Black "Plessis, Arnaud"]
[Result "0-1"]
[WhiteElo "1609"]
[BlackElo "1762"]
[PlyCount "50"]
[EventDate "2010.10.23"]
[EventType "swiss"]
[EventRounds "7"]
[EventCountry "FRA"]
[SourceTitle "EXT 2012"]
[Source "ChessBase"]
[SourceDate "2011.11.24"]
[SourceVersion "1"]
[SourceVersionDate "2011.11.24"]
[SourceQuality "1"]

1. e4 e5 2. Nf3 Nc6 3. Bb5 a6 4. Ba4 Nf6 5. 0-0 b5 6. Bb3 Be7 7. Re1 d6 8. c3 0-0 9. d3 Bb7 10. Bg5 h6 11. Bh4 Qd7 12. Nbd2 Nd8 13. Nf1 g6 14. h3 Ne6 15. Bxe6 Qxe6 16. Ne3 Nh5 17. Bxe7 Qxe7 18. Nh2 Nf4 19. Nef1 Qg5 20. Ng3 h5 21. Nf3 Qf6 22. h4 Bc8 23. Ng5 Ne6 24. Qf3 Nf4 25. Qd1 Qe7 0-1

[Event "Salon de Provence op 4th"]
[Site "Salon de Provence"]
[Date "2009.04.28"]
[Round "7"]
[White "Ayala, Benjamin"]
[Black "Porte, Jacques"]
[Result "1-0"]
[WhiteElo "1600"]
[BlackElo "1580"]
[PlyCount "63"]
[EventDate "2009.04.24"]
[EventType "swiss"]
[EventRounds "7"]
[EventCountry "FRA"]
[SourceTitle "EXT 2010"]
[Source "ChessBase"]
[SourceDate "2010.11.25"]
[SourceVersion "1"]
[SourceVersionDate "2010.11.25"]
[SourceQuality "1"]

1. e4 e5 2. Nf3 d6 3. Bc4 Be7 4. d3 Nf6 5. Nc3 c6 6. Bd2 Bg4 7. h3 Bh5 8. g4 Bg6 9. Ne2 h6 10. Ng3 a5 11. Nf5 Bxf5 12. gxf5 b5 13. Bxf7+ Kxf7 14. Nh4 Nbd7 15. Rg1 Rg8 16. Qf3 Nf8 17. 0-0-0 Ke8 18. Ng6 Kd7 19. Be3 Nxg6 20. Rxg6 a4 21. d4 d5 22. dxe5 Nxe4 23. Qxe4 Kc7 24. Qd4 Ra6 25. Qg4 Ra8 26. Rxg7 Qf8 27. Bxh6 Rh8 28. Qg5 Kd8 29. f6 Ra7 30. fxe7+ Rxe7 31. Rxe7 Rxh6 32. Rf7+ 1-0

[Event "Salon de Provence op 4th"]
[Site "Salon de Provence"]
[Date "2009.04.25"]
[Round "2"]
[White "Faure, Alexandre"]
[Black "Porte, Jacques"]
[Result "1-0"]
[WhiteElo "1480"]
[BlackElo "1580"]
[PlyCount "51"]
[EventDate "2009.04.24"]
[EventType "swiss"]
[EventRounds "7"]
[EventCountry "FRA"]
[SourceTitle "EXT 2010"]
[Source "ChessBase"]
[SourceDate "2010.11.25"]
[SourceVersion "1"]
[SourceVersionDate "2010.11.25"]
[SourceQuality "1"]

1. e4 c5 2. c3 e6 3. d4 cxd4 4. cxd4 Bb4+ 5. Bd2 Qb6 6. Bxb4 Qxb4+ 7. Qd2 Qxd2+ 8. Nxd2 Nc6 9. Ngf3 Nge7 10. a3 0-0 11. Bd3 d5 12. exd5 Nxd5 13. 0-0 Nf4 14. Bb5 Nd5 15. Bxc6 bxc6 16. Ne5 Ne7 17. Rac1 Rb8 18. b4 Rd8 19. Nb3 Rd6 20. Na5 Rb6 21. Nac4 Ba6 22. Nxd6 Bxf1 23. Kxf1 f6 24. Nec4 Ra6 25. Nb7 Nc8 26. Nc5 1-0

[Event "Salon de Provence op 1st"]
[Site "Salon de Provence"]
[Date "2006.04.28"]
[Round "7"]
[White "Denoyelle, Arnaud"]
[Black "Porte, Jacques"]
[Result "1-0"]
[WhiteElo "2236"]
[BlackElo "1680"]
[PlyCount "75"]
[EventDate "2006.04.24"]
[EventType "swiss"]
[EventRounds "7"]
[EventCountry "FRA"]
[SourceTitle "CBM 112 Extra"]
[Source "ChessBase"]
[SourceDate "2006.07.14"]
[SourceVersion "1"]
[SourceVersionDate "2006.07.14"]
[SourceQuality "1"]

1. e4 c5 2. Nf3 Nc6 3. d4 cxd4 4. Nxd4 e6 5. Nc3 Nf6 6. Ndb5 d6 7. Bf4 e5 8. Bg5 a6 9. Na3 Be7 10. Bxf6 Bxf6 11. Nc4 Nd4 12. Nd5 0-0 13. c3 b5 14. Ncb6 Ne6 15. Nxa8 Bb7 16. Nab6 Bg5 17. Be2 Bc6 18. 0-0 Qb8 19. a4 Bd8 20. a5 Nc5 21. Qc2 Nb7 22. b4 Kh8 23. f4 Qa7 24. Kh1 exf4 25. Rxf4 Bxd5 26. Nxd5 Bg5 27. Rf5 h6 28. Raf1 Nd8 29. Bh5 Kg8 30. Qe2 g6 31. Bxg6 Kg7 32. h4 Be7 33. Bh5 Bxh4 34. Qg4+ Bg5 35. Rxg5+ hxg5 36. Qxg5+ Kh8 37. Qh6+ Kg8 38. Nf6# 1-0

[Event "Salon de Provence op 1st"]
[Site "Salon de Provence"]
[Date "2006.04.25"]
[Round "3"]
[White "Chanmougavelou, Ragavan"]
[Black "Porte, Jacques"]
[Result "0-1"]
[WhiteElo "1030"]
[BlackElo "1680"]
[PlyCount "58"]
[EventDate "2006.04.24"]
[EventType "swiss"]
[EventRounds "7"]
[EventCountry "FRA"]
[SourceTitle "CBM 112 Extra"]
[Source "ChessBase"]
[SourceDate "2006.07.14"]
[SourceVersion "1"]
[SourceVersionDate "2006.07.14"]
[SourceQuality "1"]

1. e4 c5 2. Nf3 d6 3. Nc3 Nc6 4. Be2 Nf6 5. d3 e6 6. 0-0 Be7 7. Be3 0-0 8. d4 cxd4 9. Nxd4 e5 10. Nxc6 bxc6 11. h3 Qc7 12. Bd3 a6 13. Qf3 Be6 14. Rfd1 d5 15. exd5 cxd5 16. Qg3 Kh8 17. Bd2 Bd6 18. Qh4 Rg8 19. Bg5 e4 20. Bxf6 exd3 21. Rxd3 gxf6 22. Qxf6+ Rg7 23. Re1 Kg8 24. Re2 Rg6 25. Qf3 Rf8 26. Nxd5 Bxd5 27. Qxd5 Rd8 28. Qf5 Qb7 29. c4 Qxg2# 0-1

[Event "Salon de Provence op 1st"]
[Site "Salon de Provence"]
[Date "2006.04.25"]
[Round "2"]
[White "Porte, Jacques"]
[Black "Jamme, Jean Pierre"]
[Result "0-1"]
[WhiteElo "1680"]
[BlackElo "1981"]
[PlyCount "46"]
[EventDate "2006.04.24"]
[EventType "swiss"]
[EventRounds "7"]
[EventCountry "FRA"]
[SourceTitle "CBM 112 Extra"]
[Source "ChessBase"]
[SourceDate "2006.07.14"]
[SourceVersion "1"]
[SourceVersionDate "2006.07.14"]
[SourceQuality "1"]

1. e4 e6 2. Nf3 b6 3. b3 Bb7 4. d3 Bb4+ 5. Nbd2 Bc3 6. Rb1 Qf6 7. Be2 Nc6 8. 0-0 d5 9. exd5 exd5 10. Re1 Nge7 11. a3 a5 12. Bf1 0-0 13. Re3 Nf5 14. Re2 h6 15. Ne1 Ncd4 16. Re3 Nxe3 17. fxe3 Nf5 18. Ndf3 Rfe8 19. Qe2 Qe7 20. Kf2 Qf6 21. g3 Nd4 22. Qd1 Bxe1+ 23. Qxe1 Qxf3+ 0-1

[Event "Salon de Provence op 1st"]
[Site "Salon de Provence"]
[Date "2006.04.24"]
[Round "1"]
[White "Leccia, Capucine"]
[Black "Porte, Jacques"]
[Result "0-1"]
[WhiteElo "1009"]
[BlackElo "1680"]
[PlyCount "46"]
[EventDate "2006.04.24"]
[EventType "swiss"]
[EventRounds "7"]
[EventCountry "FRA"]
[SourceTitle "CBM 112 Extra"]
[Source "ChessBase"]
[SourceDate "2006.07.14"]
[SourceVersion "1"]
[SourceVersionDate "2006.07.14"]
[SourceQuality "1"]

1. d4 Nf6 2. Nf3 d5 3. e4 Nxe4 4. Nc3 Nxc3 5. bxc3 e6 6. Bb5+ c6 7. Ba4 Bd6 8. Ng5 f6 9. f4 fxg5 10. fxg5 0-0 11. Bb3 b5 12. h4 Ba6 13. Be3 b4 14. c4 Bg3+ 15. Ke2 dxc4 16. Ba4 c3+ 17. Qd3 Bxd3+ 18. Kxd3 Qa5 19. Rh3 Bf2 20. Bxc6 Nxc6 21. Bxf2 Rxf2 22. h5 Qb5+ 23. Ke3 Qe2# 0-1

[Event "Vitrolles Majeur op 0405"]
[Site "Vitrolles"]
[Date "2005.04.09"]
[Round "9"]
[White "Porte, Jacques"]
[Black "Scamaroni, Jean Paul"]
[Result "0-1"]
[WhiteElo "1670"]
[BlackElo "1790"]
[PlyCount "62"]
[EventDate "2004.10.16"]
[EventType "swiss"]
[EventRounds "9"]
[EventCountry "FRA"]
[SourceTitle "EXT 2008"]
[Source "ChessBase"]
[SourceDate "2007.11.25"]
[SourceVersion "1"]
[SourceVersionDate "2007.11.25"]
[SourceQuality "1"]

1. e4 c5 2. c3 d5 3. exd5 Qxd5 4. c4 Qd8 5. Nf3 Nc6 6. d4 cxd4 7. h3 e5 8. Bd3 f5 9. Nfd2 Nf6 10. a3 e4 11. Bc2 Be7 12. Bb3 Be6 13. c5 Bd5 14. Bxd5 Qxd5 15. b4 0-0 16. 0-0 Rfe8 17. Bb2 Rad8 18. Qb3 Qxb3 19. Nxb3 d3 20. N1d2 Nd5 21. Nc4 Bf6 22. Bxf6 Nxf6 23. Nd6 Rxd6 24. cxd6 Rd8 25. Nd2 Rxd6 26. Rac1 Nd4 27. Kh2 Nc2 28. Rfd1 f4 29. Nb3 Nxa3 30. Nd2 e3 31. fxe3 fxe3 0-1

[Event "Bouches du Rhone-ch 0203"]
[Site "Provence"]
[Date "2003.03.08"]
[Round "8"]
[White "Nguyen, Patrick"]
[Black "Porte, Jacques"]
[Result "1-0"]
[WhiteElo "1830"]
[BlackElo "1670"]
[PlyCount "63"]
[EventDate "2002.10.??"]
[EventType "swiss"]
[EventRounds "9"]
[EventCountry "FRA"]
[SourceTitle "EXT 2005"]
[Source "ChessBase"]
[SourceDate "2004.11.15"]
[SourceVersion "1"]
[SourceVersionDate "2004.11.15"]
[SourceQuality "1"]

1. e4 c5 2. Nf3 a6 3. c3 d6 4. d4 cxd4 5. cxd4 e6 6. Nc3 Nf6 7. Be2 Be7 8. 0-0 0-0 9. Be3 Qc7 10. Rc1 Qd8 11. h3 Nc6 12. Qd2 d5 13. exd5 exd5 14. Bd3 Re8 15. Bb1 b5 16. Ne5 Bb7 17. Rfe1 Bd6 18. Nxc6 Bxc6 19. Bg5 Rxe1+ 20. Rxe1 h6 21. Bh4 Qf8 22. Bxf6 gxf6 23. Qc2 Qg7 24. Ne4 dxe4 25. Qxc6 Qf8 26. Qxe4 f5 27. Qxf5 Qg7 28. Re4 Kf8 29. Rg4 Qh8 30. Qd7 Be7 31. Qb7 Re8 32. Qxa6 1-0

[Event "Bouches du Rhone-ch 0203"]
[Site "Provence"]
[Date "2003.03.05"]
[Round "6"]
[White "Vargin, Benjamin"]
[Black "Porte, Jacques"]
[Result "1/2-1/2"]
[WhiteElo "1740"]
[BlackElo "1670"]
[PlyCount "50"]
[EventDate "2002.10.??"]
[EventType "swiss"]
[EventRounds "9"]
[EventCountry "FRA"]
[SourceTitle "EXT 2005"]
[Source "ChessBase"]
[SourceDate "2004.11.15"]
[SourceVersion "1"]
[SourceVersionDate "2004.11.15"]
[SourceQuality "1"]

1. e4 c5 2. Nf3 d6 3. d4 cxd4 4. Nxd4 Nf6 5. Nc3 a6 6. Be3 e6 7. f3 Be7 8. Qd2 0-0 9. 0-0-0 Nc6 10. g4 Nxd4 11. Qxd4 b5 12. g5 Nd7 13. h4 Rb8 14. Kb1 Qa5 15. Bh3 Re8 16. f4 b4 17. Ne2 Bf8 18. h5 e5 19. Qc4 Qb5 20. Qxb5 Rxb5 21. Ng3 exf4 22. Bxf4 g6 23. hxg6 hxg6 24. b3 Ne5 25. Bxe5 Rbxe5 1/2-1/2

[Event "Bouches du Rhone-ch 0203"]
[Site "Provence"]
[Date "2002.10.05"]
[Round "1"]
[White "Porte, Jacques"]
[Black "Roux, Philippe"]
[Result "0-1"]
[WhiteElo "1670"]
[BlackElo "1960"]
[PlyCount "38"]
[EventDate "2002.10.??"]
[EventType "swiss"]
[EventRounds "9"]
[EventCountry "FRA"]
[SourceTitle "EXT 2005"]
[Source "ChessBase"]
[SourceDate "2004.11.15"]
[SourceVersion "1"]
[SourceVersionDate "2004.11.15"]
[SourceQuality "1"]

1. e4 c5 2. Nf3 Nc6 3. d4 cxd4 4. Nxd4 Nf6 5. Nc3 e5 6. Ndb5 d6 7. Bg5 a6 8. Bxf6 gxf6 9. Na3 b5 10. Nd5 f5 11. exf5 Bxf5 12. Bd3 Be6 13. Be4 Rc8 14. c3 Bg7 15. Nc2 0-0 16. Ncb4 Nxb4 17. Nxb4 a5 18. Nc6 Qc7 19. g3 d5 0-1

[Event "Provence-ch prom Vitrolles 0001"]
[Site "France"]
[Date "2001.??.??"]
[Round "9"]
[White "Cogno, Sebastien"]
[Black "Porte, Jacques"]
[Result "1-0"]
[WhiteElo "1570"]
[BlackElo "1560"]
[PlyCount "104"]
[EventDate "2000.??.??"]
[EventType "tourn"]
[EventRounds "9"]
[EventCountry "FRA"]
[SourceTitle "EXT 2005"]
[Source "ChessBase"]
[SourceDate "2004.11.15"]
[SourceVersion "1"]
[SourceVersionDate "2004.11.15"]
[SourceQuality "1"]

1. Nf3 c5 2. b3 Nf6 3. Bb2 g6 4. e3 Bg7 5. Be2 0-0 6. 0-0 d6 7. d3 Nc6 8. Nbd2 a6 9. c4 Re8 10. d4 cxd4 11. Nxd4 Nxd4 12. Bxd4 Bf5 13. Bf3 Bc8 14. Re1 e5 15. Bc3 e4 16. Be2 d5 17. Qc2 Bf5 18. Rad1 Qc7 19. Qb2 Ng4 20. g3 Bxc3 21. Qxc3 Ne5 22. Rc1 Rac8 23. Qd4 dxc4 24. Nxc4 Rcd8 25. Qb6 Qxb6 26. Nxb6 Rd2 27. Ra1 Be6 28. Kg2 Red8 29. Red1 Kg7 30. Na4 Bg4 31. Rxd2 Rxd2 32. Bf1 Bf3+ 33. Kg1 Ng4 34. Nc5 Rxf2 35. h3 Rh2 36. hxg4 Rh1+ 37. Kf2 Rh2+ 38. Ke1 Rh1 39. Nxb7 Bxg4 40. Nc5 Bh3 41. Kf2 Bxf1 42. Rxf1 Rh2+ 43. Kg1 Rxa2 44. Nxe4 Rb2 45. Nc5 a5 46. Rf2 Rb1+ 47. Kg2 Rc1 48. Nb7 Rc3 49. Nxa5 Rxe3 50. Rb2 h5 51. b4 Kf8 52. b5 Re5 1-0

[Event "Provence-ch prom Vitrolles 0001"]
[Site "France"]
[Date "2001.??.??"]
[Round "6"]
[White "Porte, Jacques"]
[Black "Sage, Jean Claude"]
[Result "0-1"]
[WhiteElo "1560"]
[BlackElo "1600"]
[PlyCount "76"]
[EventDate "2000.??.??"]
[EventType "tourn"]
[EventRounds "9"]
[EventCountry "FRA"]
[SourceTitle "EXT 2005"]
[Source "ChessBase"]
[SourceDate "2004.11.15"]
[SourceVersion "1"]
[SourceVersionDate "2004.11.15"]
[SourceQuality "1"]

1. e4 e5 2. Nf3 Nc6 3. Bc4 Nf6 4. d3 Be7 5. Bg5 d6 6. Nbd2 h6 7. Bh4 0-0 8. a3 Be6 9. Bxe6 fxe6 10. Nc4 Qe8 11. Qd2 b5 12. Ne3 Rd8 13. 0-0 Nh5 14. Bxe7 Qxe7 15. c3 Rf7 16. Ne1 Rdf8 17. f3 Qg5 18. b4 d5 19. Qf2 Nf4 20. Ng4 h5 21. Qc5 hxg4 22. g3 Nh3+ 23. Kg2 Qd2+ 24. Rf2 Nxf2 25. Qxf2 Qxf2+ 26. Kxf2 gxf3 27. Nc2 dxe4 28. dxe4 Rd8 29. Ke3 f2 30. Rf1 Rdf8 31. Ke2 Rf3 32. Ne3 Ne7 33. Kd2 Nc8 34. Ng4 Nb6 35. Nxe5 Nc4+ 36. Nxc4 bxc4 37. b5 Rd3+ 38. Kc2 Rff3 0-1

[Event "Provence-ch access Vitrolles 9900"]
[Site "France"]
[Date "2000.??.??"]
[Round "7"]
[White "Alard, Francis"]
[Black "Porte, Jacques"]
[Result "1/2-1/2"]
[WhiteElo "1580"]
[BlackElo "1580"]
[PlyCount "103"]
[EventDate "1999.??.??"]
[EventType "tourn"]
[EventRounds "9"]
[EventCountry "FRA"]
[SourceTitle "EXT 2005"]
[Source "ChessBase"]
[SourceDate "2004.11.15"]
[SourceVersion "1"]
[SourceVersionDate "2004.11.15"]
[SourceQuality "1"]

1. e4 c5 2. Nf3 Nc6 3. d4 cxd4 4. Nxd4 Nf6 5. Nc3 e6 6. Bg5 Be7 7. f4 h6 8. Bxf6 Bxf6 9. e5 Be7 10. Ndb5 0-0 11. Nd6 a6 12. Qd2 b5 13. Nce4 f5 14. Ng3 Bh4 15. Be2 g6 16. 0-0-0 Nxe5 17. Nxc8 Rxc8 18. Kb1 Nc6 19. Qxd7 Qxd7 20. Rxd7 Nb4 21. Bd3 Rfd8 22. Rxd8+ Rxd8 23. Rd1 Nd5 24. Be2 Kf8 25. Bf3 Nxf4 26. Rxd8+ Bxd8 27. b4 Ke7 28. Nf1 g5 29. g4 Bc7 30. gxf5 exf5 31. Bb7 a5 32. bxa5 Bxa5 33. Bc8 Kf6 34. Ne3 Ne6 35. a3 h5 36. Bd7 f4 37. Nd5+ Ke5 38. Nb4 Bxb4 39. axb4 Kd4 40. Bxb5 f3 41. Bf1 Kc3 42. b5 g4 43. Kc1 h4 44. Kd1 Kd4 45. Ke1 Ke3 46. Bc4 Nc5 47. b6 g3 48. hxg3 hxg3 49. Kf1 Kd4 50. Bb5 Ke3 51. Bc4 g2+ 52. Kg1 1/2-1/2

[Event "Provence-ch access Vitrolles 9900"]
[Site "France"]
[Date "2000.??.??"]
[Round "5"]
[White "Habib, George"]
[Black "Porte, Jacques"]
[Result "1/2-1/2"]
[WhiteElo "1840"]
[BlackElo "1580"]
[PlyCount "111"]
[EventDate "1999.??.??"]
[EventType "tourn"]
[EventRounds "9"]
[EventCountry "FRA"]
[SourceTitle "EXT 2005"]
[Source "ChessBase"]
[SourceDate "2004.11.15"]
[SourceVersion "1"]
[SourceVersionDate "2004.11.15"]
[SourceQuality "1"]

1. e4 e5 2. Nf3 Nc6 3. Bb5 a6 4. Ba4 Nf6 5. 0-0 Be7 6. Re1 b5 7. Bb3 0-0 8. c3 d5 9. d3 dxe4 10. dxe4 Qxd1 11. Bxd1 Bb7 12. Bg5 h6 13. Bh4 Nd8 14. Bc2 c5 15. Nxe5 g5 16. Bg3 Nh5 17. Ng4 Kg7 18. Ne3 Rh8 19. Nf5+ Kf8 20. Bd6 Bxd6 21. Nxd6 Bc6 22. Nd2 Ne6 23. Nf1 Nf6 24. f3 h5 25. g3 Nd7 26. Ne3 Ne5 27. Rf1 g4 28. fxg4 Ra7 29. Rf5 f6 30. Raf1 Rc7 31. Rxh5 Rxh5 32. gxh5 Rh7 33. Nd5 Nd7 34. g4 Ng5 35. Nf4 Ne5 36. Ng6+ Nxg6 37. hxg6 Rh4 38. Nf5 Rxg4+ 39. Kf2 Nxe4+ 40. Bxe4 Bxe4 41. Ke3 Bxf5 42. Rxf5 Rxg6 43. Rxc5 Rg2 44. Rc6 Rxb2 45. Rxf6+ Ke7 46. Rxa6 Rxh2 47. Kd4 Kd7 48. Kc5 Rb2 49. Ra7+ Kc8 50. Kc6 Kd8 51. Kc5 Kc8 52. a4 bxa4 53. Rxa4 Rb7 54. Rc4 Rc7+ 55. Kd4 Rxc4+ 56. Kxc4 1/2-1/2

[Event "Provence-ch access Vitrolles 9900"]
[Site "France"]
[Date "2000.??.??"]
[Round "6"]
[White "Porte, Jacques"]
[Black "Estevez, Dorothee"]
[Result "0-1"]
[WhiteElo "1580"]
[BlackElo "1780"]
[PlyCount "56"]
[EventDate "1999.??.??"]
[EventType "tourn"]
[EventRounds "9"]
[EventCountry "FRA"]
[SourceTitle "EXT 2005"]
[Source "ChessBase"]
[SourceDate "2004.11.15"]
[SourceVersion "1"]
[SourceVersionDate "2004.11.15"]
[SourceQuality "1"]

1. d4 Nf6 2. c4 e6 3. Nc3 d5 4. cxd5 Nxd5 5. e4 Nf6 6. Bg5 Be7 7. Bd3 0-0 8. Qc2 h6 9. Be3 Nc6 10. Nge2 Ng4 11. Bf4 Nxd4 12. Nxd4 Qxd4 13. 0-0 Ne5 14. Be2 Ng6 15. Rad1 Qc5 16. Be3 Qa5 17. Nd5 exd5 18. Rxd5 c5 19. Bxc5 Bxc5 20. Rxc5 Qb6 21. g3 Bd7 22. Rd5 Bc6 23. Rf5 Rae8 24. Bd3 Ne5 25. Be2 Qd4 26. Rf4 Ng6 27. Qd1 Qe5 28. Rf3 Bxe4 0-1

[Event "Provence-ch prom Vitrolles 9899"]
[Site "France"]
[Date "1999.??.??"]
[Round "7"]
[White "D'Hamelincourt, Gilbert"]
[Black "Porte, Jacques"]
[Result "1-0"]
[WhiteElo "1640"]
[BlackElo "1710"]
[PlyCount "63"]
[EventDate "1998.??.??"]
[EventType "tourn"]
[EventRounds "9"]
[EventCountry "FRA"]
[SourceTitle "EXT 2005"]
[Source "ChessBase"]
[SourceDate "2004.11.15"]
[SourceVersion "1"]
[SourceVersionDate "2004.11.15"]
[SourceQuality "1"]

1. d4 d5 2. Nf3 e6 3. Bf4 c6 4. e3 Nf6 5. Bd3 Be7 6. Ne5 Nbd7 7. Nd2 Nxe5 8. dxe5 Nd7 9. h3 Bg5 10. Bh2 0-0 11. f4 Be7 12. 0-0 Qb6 13. Rf3 Nc5 14. Nb3 Nxd3 15. Qxd3 Bd7 16. Qd4 c5 17. Qd1 Rad8 18. Rg3 Bc6 19. Qg4 g6 20. h4 Kh8 21. h5 Rg8 22. h6 d4 23. exd4 cxd4 24. Kh1 Be4 25. Qe2 Bc6 26. Bg1 Bc5 27. Nxc5 Qxc5 28. c3 Qb5 29. Qg4 Qxb2 30. Qg5 Bxg2+ 31. Rxg2 Qxg2+ 32. Kxg2 1-0

[Event "Provence-ch prom Vitrolles 9899"]
[Site "France"]
[Date "1999.??.??"]
[Round "5"]
[White "Gouiran, Serge"]
[Black "Porte, Jacques"]
[Result "0-1"]
[WhiteElo "1640"]
[BlackElo "1710"]
[PlyCount "66"]
[EventDate "1998.??.??"]
[EventType "tourn"]
[EventRounds "9"]
[EventCountry "FRA"]
[SourceTitle "EXT 2005"]
[Source "ChessBase"]
[SourceDate "2004.11.15"]
[SourceVersion "1"]
[SourceVersionDate "2004.11.15"]
[SourceQuality "1"]

1. d4 d5 2. c4 e6 3. Nf3 Nf6 4. Nc3 c6 5. e3 Bb4 6. Bd3 Nbd7 7. 0-0 0-0 8. a3 Bxc3 9. bxc3 Re8 10. cxd5 exd5 11. c4 Nf8 12. Ne5 Ng6 13. cxd5 cxd5 14. Bb2 Ne7 15. Qc2 g6 16. f3 Bf5 17. e4 Be6 18. a4 Rc8 19. Qd2 Kg7 20. Qf4 Qd6 21. Bb5 Rf8 22. Ba3 Qd8 23. Rac1 Rxc1 24. Rxc1 dxe4 25. Bxe7 Qxe7 26. fxe4 Qb4 27. Nf3 a6 28. Bd3 Qxa4 29. Qd6 Ne8 30. Qe5+ Nf6 31. Ng5 Re8 32. Qd6 Qa5 33. Rf1 Qxg5 0-1

[Event "Provence-ch prom Vitrolles 9899"]
[Site "France"]
[Date "1999.??.??"]
[Round "6"]
[White "Porte, Jacques"]
[Black "La Orden, JC."]
[Result "0-1"]
[WhiteElo "1710"]
[BlackElo "1580"]
[PlyCount "95"]
[EventDate "1998.??.??"]
[EventType "tourn"]
[EventRounds "9"]
[EventCountry "FRA"]
[SourceTitle "EXT 2005"]
[Source "ChessBase"]
[SourceDate "2004.11.15"]
[SourceVersion "1"]
[SourceVersionDate "2004.11.15"]
[SourceQuality "1"]

1. d4 g6 2. c4 Bg7 3. Nc3 d6 4. Nf3 Nd7 5. e4 e5 6. d5 Ne7 7. Bg5 f6 8. Be3 0-0 9. Bd3 Nc5 10. Bc2 a6 11. Qd2 Bg4 12. Ng1 Bc8 13. Nge2 f5 14. b4 Nd7 15. Bh6 fxe4 16. Bxg7 Kxg7 17. Bxe4 Nf6 18. Bc2 Bf5 19. f3 Bxc2 20. Qxc2 c6 21. Rd1 cxd5 22. cxd5 b5 23. 0-0 Nf5 24. Qd3 Qb6+ 25. Rf2 Rac8 26. h3 Ne3 27. Rb1 Nc4 28. Nd1 Rc7 29. Nec3 Nh5 30. Ne4 Nf4 31. Qb3 h6 32. Ndc3 Ne3 33. Kh2 Rcf7 34. a4 Nexg2 35. Nd1 Ne1 36. a5 Qc7 37. Nb2 Nxh3 38. Qe3 Nxf2 39. Nxf2 Nxf3+ 40. Kh1 Qd8 41. Nbd1 Qh4+ 42. Kg2 Qh2+ 43. Kf1 Qg1+ 44. Ke2 Nd4+ 45. Kd2 Rxf2+ 46. Nxf2 Qxb1 47. Nd1 Rf3 48. Nc3 0-1